| 000 | 00916nam a2200205Ia 4500 | ||
|---|---|---|---|
| 008 | 0000001998 ve a 0000000000spa00 | ||
| 020 | _a9802381934 | ||
| 090 | _aPPR00 P14a | ||
| 100 | 1 | _aPalomero, Federica | |
| 245 | 1 | 0 |
_aArnaldo Roche Rabell _b: Nomada. del espíritu a la materia, pinturas 1985-1996 _c/ textos Federica Palomero, Roberto Guevara ; fotografías Johnny Betancourt |
| 300 |
_a30 p. _c/ 28 cm. |
||
| 500 | _aExposición realizada en el Museo de Bellas Artes, Caracas, MarzoMayo, 1998 \ Con el patronazgo del maestro venezolano Jesús Rafael Soto (q.e.p.d.) | ||
| 600 | 0 | 0 |
_a ROCHERABELL, ARNALDO, 1955 / _xTRABAJOS PICTORICOS |
| 650 | 1 | 4 | _a PINTURA PUERTORRIQUEÑA |
| 650 | 1 | 4 | _aARTE CONTEMPORANEO PUERTORRIQUEÑO |
| 650 | 1 | 4 | _xCATALOGOS |
| 650 | 1 | 4 | _aPINTORES PUERTORRIQUEÑOS |
| 700 | 1 | _aGuevara, Roberto \ Betancourt, Johnny | |
| 999 |
_c922 _d922 |
||
| 260 |
_aCaracas : Editorial Arte _c1998 |
||